000 00301nam a22001097a 4500
008 230626b xxu||||| |||| 00| 0 eng d
082 _a328.3
_bNOV 1989
245 _aThe Soviet Parliament: First Steps
260 _aMoscow
_bNovosti Press Agency Publishing House
_c1989
300 _a79p
942 _2ddc
_cBK
999 _c2643
_d2643